000 00545nam a2200193Ia 4500
003 GCL
008 140319s9999 xx 000 0 ara d
040 _aGCL /
_cGCL
082 0 4 _a841.01
_bن ا
100 1 _aنهاد التركى
245 1 0 _aاقاصيص معاصرة: مجموعة قصصية /
_cنهاد التركى
300 _a220 ص
490 _a
650 0 4 _aالقصص القصيرة
650 0 4 _aالادب
650 0 4 _aالادب الفرنسى
650 0 4 _aالادب الفرنسى المترجم
942 _2ddc
_cBK
999 _c40516
_d40516